000 01338cam a2200361 a 4500
001 142043
003 OSt
005 20140310181636.0
008 990106s1999 ilua b 001 0 eng
010 _a 98061808
020 _a1575171503
035 _a(DLC) 98061808
040 _aDLC
_cDLC
_dDLC
050 0 0 _aQA 11
_b.R773 1999
082 0 0 _aTR 371.27
_221
_bR66 1999
100 1 _aRonis, Diane L.
_998
245 1 0 _aBrain-compatible mathematics /
_cDiane L. Ronis.
260 _aArlington Heights, IL :
_bSkyLight Training and Pub.,
_cc1999.
300 _a203 p. :
_bill. ;
_c28 cm.
500 _aIncludes Bibliographical references and index.
521 _aFaculty
541 _j1
562 _e1
650 0 _aMathematics
_xStudy and teaching.
_999
650 0 _aBrain.
_xbased research for math
_9100
650 0 _aPerformance.
_xbased learning for the math
_9101
650 0 _aPerformance.
_xtask development
_9102
856 4 2 _3Publisher description
_uhttp://www.loc.gov/catdir/enhancements/fy0659/98061808-d.html
856 4 2 _3Contributor biographical information
_uhttp://www.loc.gov/catdir/enhancements/fy0734/98061808-b.html
906 _a7
_bcbc
_corignew
_d3
_eopcn
_f19
_gy-gencatlg
942 _2lcc
_cBK-TR
_kTR
999 _c694
_d694